| 000 | 00974cam a2200325 a 4500 | ||
|---|---|---|---|
| 001 | STB032743 | ||
| 003 | OCoLC | ||
| 005 | 20150128091606.0 | ||
| 008 | 110819s2012 moua 001 0 eng | ||
| 010 | _a2011035202 | ||
| 016 | 7 |
_a101567328 _2DNLM |
|
| 020 | _a9781437722673 | ||
| 035 | _a.b69928812 | ||
| 040 |
_aDNLM/DLC _cDLC _dYDX _dNLM _dYDXCP _dUV0 _dOSU _dUtOrBLW |
||
| 042 | _apcc | ||
| 049 | _aOSUU | ||
| 050 | 4 |
_aRM 300 _b.F956p 2012 |
|
| 100 | 1 | _aFulcher, Eugenia M. | |
| 245 | 1 | 0 |
_aPharmacology : _bprinciples and applications / _cEugenia M. Fulcher, Robert M. Fulcher, Cathy D. Soto. |
| 250 | _a3rd ed. | ||
| 260 |
_aSt. Louis, Mo. : _bElsevier/Saunders, _cc2012. |
||
| 300 |
_axiv, 642 pages : _billustrations (some color) ; _c28 cm. |
||
| 500 | _aIncludes index. | ||
| 521 | _aPharmacy | ||
| 650 | 0 | _aPharmacology. | |
| 650 | 0 | _aAllied health personnel. | |
| 700 | 1 | _aFulcher, Robert M. | |
| 700 | 1 | _aSoto, Cathy Dubeansky. | |
| 942 |
_2lcc _cBK |
||
| 999 |
_c278865 _d278865 |
||